00280nam a2200121 4500003000400000008004100004100001700045245002200062250001100084260004700095300000800142650000800150OSt250128b |||||||| |||| 00| 0 eng d aRASTOGI, K.K aComputer Networks a1st Ed aNew DelhibGlobal Academic Publisherc2012 a298 aMCA